| 000 | 01298nam a22003977a 4500 | ||
|---|---|---|---|
| 001 | 0007577 | ||
| 003 | KOHA_MİRAKIL | ||
| 005 | 20260207001603.0 | ||
| 007 | ta | ||
| 008 | 090929b1989 tu |||gr||||#||||0|tur | | ||
| 040 |
_aTR-BiSEU _btur _cTR-BiSEU _erda |
||
| 041 | 0 | _atur | |
| 044 | _ctu | ||
| 050 |
_aHD30.4 _b.K87 1989 |
||
| 100 | 1 | _aKurtuluş, Kemal. | |
| 245 | 1 |
_aİşletmelerde araştırma yöntembilimi : _baraştırma yöntemleri/ _cKemal Kurtuluş ; Kemal Kurtuluş. |
|
| 264 | 1 |
_aİstanbul : _b[y. y.] _c1989 |
|
| 300 | _a248 sayfa: tablo, resimli | ||
| 336 |
_ametin _btxt _2rdacontent |
||
| 337 |
_aaracısız _bn _2rdamedia |
||
| 338 |
_acilt _bnc _2rdacarrier |
||
| 490 | 1 |
_aİşletme Fakültesi yayın ; _vno. |
|
| 490 | 1 | _a210. | |
| 490 | 1 |
_aİşletme İktisadi Enstitüsü yayın ; _vno. |
|
| 490 | 1 | _a106. | |
| 500 | _aDizin var. | ||
| 650 | 0 |
_aBusiness--Research--Methodology. _918806 |
|
| 650 | 0 |
_aManagement--Research--Methodology. _918807 |
|
| 650 | 0 |
_aİşletme--Araştırma--Metodoloji. _918808 |
|
| 650 | 0 |
_aYönetim--Araştırma--Metodoloji. _918809 |
|
| 830 | 1 |
_aİşletme Fakültesi yayın ; _vno. _918121 |
|
| 830 | 1 |
_a210. _918810 |
|
| 830 | 1 |
_aİşletme İktisadi Enstitüsü yayın ; _vno. _918123 |
|
| 830 | 1 |
_a106. _918811 |
|
| 942 |
_2lcc _cBK |
||
| 999 |
_c7554 _d7554 |
||